000
00288nam a2200121Ia 4500
008
220204s9999 xx 000 0 und d
082
_a
332.36
_b
BIS
100
_a
BISWAS, A K
245
0
_a
Food, climate and man
260
_a
New York
_b
Wiley
_c
1979
700
_a
BISWAS, M R
942
_c
BK
999
_c
31404
_d
31404